| 000 | 00485nam a22001577a 4500 | ||
|---|---|---|---|
| 003 | macl | ||
| 005 | 20201117162532.0 | ||
| 008 | 201117b xxu||||| |||| 00| 0 eng d | ||
| 040 | _cmacl | ||
| 082 | _a080 | ||
| 100 |
_aअग्रवाल ,राधारमण _980544 |
||
| 245 | _a101 प्रेरक प्रसंग | ||
| 260 |
_aजयपुर _bपुस्तक संसार _c2018 |
||
| 650 |
_aसामान्य वर्ग _936 |
||
| 942 |
_2ddc _cHIN |
||
| 999 |
_c63880 _d63880 |
||